MARC details
| 000 -LEADER |
| fixed length control field |
01322cam a2200433 i 4500 |
| 001 - CONTROL NUMBER |
| control field |
sjds1241739 |
| 003 - CONTROL NUMBER IDENTIFIER |
| control field |
sjds |
| 005 - DATE AND TIME OF LATEST TRANSACTION |
| control field |
20180620134520.0 |
| 008 - FIXED-LENGTH DATA ELEMENTS--GENERAL INFORMATION |
| fixed length control field |
160527s2017 nyua a 000 1 spa d |
| 020 ## - INTERNATIONAL STANDARD BOOK NUMBER |
| International Standard Book Number |
9781338114133 (board book) |
| 020 ## - INTERNATIONAL STANDARD BOOK NUMBER |
| International Standard Book Number |
1338114131 (board book) |
| 035 ## - SYSTEM CONTROL NUMBER |
| System control number |
1028465 |
| 035 ## - SYSTEM CONTROL NUMBER |
| System control number |
(OCoLC)950955615 |
| 035 ## - SYSTEM CONTROL NUMBER |
| System control number |
970324 |
| 035 ## - SYSTEM CONTROL NUMBER |
| System control number |
(OCoLC)ocn950955615 |
| 035 ## - SYSTEM CONTROL NUMBER |
| System control number |
1028465 |
| 035 ## - SYSTEM CONTROL NUMBER |
| System control number |
1028465 |
| 040 ## - CATALOGING SOURCE |
| Original cataloging agency |
BTCTA |
| Language of cataloging |
eng |
| Description conventions |
rda |
| Transcribing agency |
BTCTA |
| Modifying agency |
BDX |
| -- |
LIV |
| -- |
IFA |
| 049 ## - LOCAL HOLDINGS (OCLC) |
| Holding library |
IFAA |
| 099 ## - LOCAL FREE-TEXT CALL NUMBER (OCLC) |
| Filing suffix |
2017 |
| 999 ## - SYSTEM CONTROL NUMBERS (KOHA) |
| Koha Dewey Subclass [OBSOLETE] |
ESPANOL BOARD BOOKS CHURCH 2017 |
| 100 1# - MAIN ENTRY--PERSONAL NAME |
| Personal name |
Church, Caroline, |
| Relator term |
author. |
| 245 10 - TITLE STATEMENT |
| Title |
Te amar? por siempre = |
| Remainder of title |
I will love you forever / |
| Statement of responsibility, etc. |
Caroline Jayne Church. |
| 246 31 - VARYING FORM OF TITLE |
| Title proper/short title |
I will love you forever |
| 260 ## - PUBLICATION, DISTRIBUTION, ETC. (IMPRINT) |
| Place of publication, distribution, etc. |
New York : |
| Name of publisher, distributor, etc. |
Scholastic |
| Date of publication, distribution, etc. |
[2017] |
| 264 #1 - PRODUCTION, PUBLICATION, DISTRIBUTION, MANUFACTURE, AND COPYRIGHT NOTICE |
| Place of production, publication, distribution, manufacture |
New York : |
| Name of producer, publisher, distributor, manufacturer |
Scholastic |
| Date of production, publication, distribution, manufacture, or copyright notice |
[2017] |
| 300 ## - PHYSICAL DESCRIPTION |
| Extent |
1 volume (unpaged) : |
| Other physical details |
color illustrations ; |
| Dimensions |
22 cm |
| 336 ## - CONTENT TYPE |
| Content type term |
text |
| Content type code |
txt |
| Source |
rdacontent |
| 337 ## - MEDIA TYPE |
| Media type term |
unmediated |
| Media type code |
n |
| Source |
rdamedia |
| 338 ## - CARRIER TYPE |
| Carrier type term |
volume |
| Carrier type code |
nc |
| Source |
rdacarrier |
| 500 ## - GENERAL NOTE |
| General note |
On board pages. |
| 521 8# - TARGET AUDIENCE NOTE |
| Target audience note |
AD 430 |
| Source |
Lexile. |
| 546 ## - LANGUAGE NOTE |
| Language note |
In English and Spanish. |
| 650 #0 - SUBJECT ADDED ENTRY--TOPICAL TERM |
| Topical term or geographic name as entry element |
Romance fiction. |
| 650 #0 - SUBJECT ADDED ENTRY--TOPICAL TERM |
| Topical term or geographic name as entry element |
Infants |
| Form subdivision |
Juvenile fiction. |
| 650 #7 - SUBJECT ADDED ENTRY--TOPICAL TERM |
| Topical term or geographic name as entry element |
Amor |
| Form subdivision |
Novela juvenil. |
| Source of heading or term |
bidex |
| 650 #7 - SUBJECT ADDED ENTRY--TOPICAL TERM |
| Topical term or geographic name as entry element |
Ni?os lactantes |
| Form subdivision |
Novela juvenile. |
| Source of heading or term |
bidex |
| 942 ## - ADDED ENTRY ELEMENTS (KOHA) |
| Koha item type |
Libro/Book |